FC25 Premier League highest rated players - Statistics

General Stats
  • This quiz has been taken 76 times
  • The average score is 13 of 18
Answer Stats
Nation Rating Club Position Answer % Correct
Norway 91 Manchester City ST Erling Haaland
97%
Spain 91 Manchester City CDM Rodri
97%
Belgium 90 Manchester City CM Kevin De Bruyne
95%
Netherlands 89 Liverpool CB Virgil Van Dijk
91%
Norway 89 Arsenal CM Martin Ødegaard
83%
Portugal 88 Manchester City CM Bernardo Silva
75%
Portugal 88 Manchester City CB Ruben Dias
75%
Egypt 89 Liverpool RW Mohammed Salah
74%
Portugal 87 Manchester United CAM Bruno Fernandes
71%
England 87 Arsenal RW Bukayo Saka
69%
France 87 Arsenal CB William Saliba
69%
Brazil 89 Liverpool GK Alisson Becker
68%
England 88 Manchester City RW Phil Foden
66%
England 87 Arsenal CDM Declan Rice
65%
Argentina 87 Aston Villa GK Emiliano Martinez
65%
Germany 87 Manchester City CM Ilkay Gundogan
65%
South Korea 87 Tottenham Hotspur ST Heung Min Son
57%
Brazil 88 Manchester City GK Ederson Moraes
28%
No matching quizzes found
Score Distribution
Percent of People with Each Score
Percentile by Number Answered
Your Score History
You have not taken this quiz